Prognózovanie časových radov : praktické ukážky /

Main Author: Chajdiak, Jozef, 1952-
Other Authors: Medveďová, Eva
Language: Slovak
Published: Bratislava : Statis, 1995
Physical Description: 109 s. : il. ; 29 cm
Book
Saved in:
LEADER 01144nam a2200313 a 4500
001 000034469
003 CZ BrMZK
005 20230531105113.0
007 ta
008 950313s1995 xo f f 0 slo d
020 |a 80-85659-05-0 
040 |a BOA001  |b cze 
072 7 |a 519.1/.8  |x Kombinatorika. Teorie grafů. Matematická statistika. Operační výzkum. Matematické modelování  |2 Konspekt  |9 13 
080 |a 519.246.8  |2 MRF 
080 |a 005.521  |2 MRF 
080 |a (035)  |2 MRF 
100 1 |a Chajdiak, Jozef,  |d 1952-  |7 xx0016335  |4 aut 
245 1 0 |a Prognózovanie časových radov :  |b praktické ukážky /  |c Jozef Chajdiak, Eva Medveďová. 
260 |a Bratislava :  |b Statis,  |c 1995 
300 |a 109 s. :  |b il. ;  |c 29 cm 
500 |a Bibliogr. s. 108 
541 |a Bratislava, Univerzitná knižnica 
650 0 7 |a analýza časových řad  |7 ph135573  |2 czenas 
650 0 7 |a prognózování  |7 ph249710  |2 czenas 
655 7 |a příručky  |7 fd133209  |2 czenas 
700 1 |a Medveďová, Eva  |4 aut 
910 |a BOA001  |b 4-1013.560 
990 |a BK 
996 7 |b 2610026920  |c 4-1013.560  |l MZK  |r Sklad / do 1 hodiny  |n 24  |p vým  |w 000034469  |u 000010  |a 1  |e BOA001  |j MZK50  |s A